000 00411nam a22001337a 4500
005 20260305071316.0
008 190712b ||||| |||| 00| 0 eng d
020 _a9781848139503
100 _aSmith,Linda Tuhiwai.
245 _aDecolonizing methodologies:
_bresearch and indigenous people:
_cMalkki,Liisa H.
260 _aLondon:
_bZed Books,
_c1999.
300 _axv, 240 pages ;
_c15cm.
942 _2ddc
_cMAIN
999 _c10241
_d10242